[Event "4NCL Division Two"]
[Site "Warwick, ENG"]
[Date "2023.02.12"]
[Round "6.26"]
[White "Pollack, Oscar"]
[Black "Jackson, Sheila"]
[Result "1/2-1/2"]
[WhiteElo "2107"]
[BlackElo "2129"]
[PlyCount "107"]
[EventDate "2023.02.12"]
[WhiteTeam "Barnet Knights A"]
[BlackTeam "Spirit of Atticus"]

1. e4 c5 2. Nf3 e6 3. d4 cxd4 4. Nxd4 a6 5. Bd3 Nf6 6. O-O Qc7 7. c4 d6 8. Nc3
Nbd7 9. Bg5 Be7 10. Rc1 O-O 11. Bb1 b6 12. f4 Re8 13. Kh1 Bb7 14. f5 Nf8 15.
Qd3 Ng4 16. Bxe7 Qxe7 17. Qg3 Nf6 18. fxe6 fxe6 19. e5 dxe5 20. Qxe5 Qc5 21.
Qxc5 bxc5 22. Nb3 Rac8 23. Rcd1 Ng4 24. Rde1 Nf6 25. Ne4 Bxe4 26. Bxe4 Rc7 27.
Bf3 N8d7 28. Nd2 a5 29. Nb1 Nb6 30. Na3 e5 31. Nb5 Rce7 32. Bc6 Rc8 33. Be4 Rd8
34. b3 a4 35. Bf5 axb3 36. axb3 e4 37. Re3 g6 38. Bh3 Rd3 39. Rfe1 Rxe3 40.
Rxe3 g5 41. Bf5 Nbd7 42. Nd6 Ne5 43. Nxe4 Nxe4 44. Bxe4 Kg7 45. Bd5 Kf6 46. Re1
h6 47. Rf1+ Kg6 48. g3 Ng4 49. h3 Ne3 50. Rf3 g4 51. hxg4 Nxg4 52. Rf4 Nf6 53.
Bf3 Re3 54. Kg2 1/2-1/2

[Event "4NCL Division Two"]
[Site "Warwick, ENG"]
[Date "2023.02.12"]
[Round "6.27"]
[White "Latham, David"]
[Black "Willmoth, Robert F"]
[Result "0-1"]
[WhiteElo "2099"]
[BlackElo "2150"]
[PlyCount "116"]
[EventDate "2023.02.12"]
[WhiteTeam "Spirit of Atticus"]
[BlackTeam "Barnet Knights A"]

1. e4 c5 2. d3 g6 3. Nf3 Bg7 4. g3 Nc6 5. Bg2 d6 6. O-O e5 7. c3 Nge7 8. Be3
Bg4 9. h3 Bxf3 10. Bxf3 Qd7 11. Kh2 f5 12. exf5 Nxf5 13. Qb3 Rf8 14. Nd2 O-O-O
15. Qa4 Kb8 16. Bxc6 Qxc6 17. Qxc6 bxc6 18. Bg5 Rd7 19. g4 Ne7 20. Bxe7 Rxe7
21. Kg2 Kc7 22. f3 d5 23. Rac1 Bh6 24. Rc2 Kd6 25. Nb3 Rb8 26. h4 Bf4 27. Nc1
Reb7 28. b3 a5 29. Ne2 a4 30. Rb1 axb3 31. axb3 Rxb3 32. Rxb3 Rxb3 33. Ra2 d4
34. Nxf4 exf4 35. cxd4 cxd4 36. Rd2 h5 37. Kf2 c5 38. Ke2 c4 39. dxc4 Re3+ 40.
Kd1 Kc5 41. gxh5 gxh5 42. Ra2 Rxf3 43. Ra5+ Kxc4 44. Rxh5 Kd3 45. Ke1 Rh3 46.
Rh8 Ke3 47. Re8+ Kf3 48. Kd2 Rxh4 49. Kd3 Rh1 50. Kd2 Kf2 51. Re4 f3 52. Rxd4
Rh7 53. Rd8 Re7 54. Rd6 Kg2 55. Rg6+ Kf1 56. Rf6 f2 57. Rf5 Rd7+ 58. Ke3 Ke1
0-1

[Event "4NCL Division Two"]
[Site "Warwick, ENG"]
[Date "2023.02.12"]
[Round "6.28"]
[White "Ethelontis, Alexandros N"]
[Black "Phillips, David A"]
[Result "1/2-1/2"]
[WhiteElo "2051"]
[BlackElo "2071"]
[PlyCount "68"]
[EventDate "2023.02.12"]
[WhiteTeam "Barnet Knights A"]
[BlackTeam "Spirit of Atticus"]

1. c4 Nf6 2. g3 g6 3. Bg2 d5 4. cxd5 Nxd5 5. Qb3 Nb6 6. Qc3 f6 7. d4 Bg7 8. Nf3
Nc6 9. O-O O-O 10. Rd1 Bg4 11. h3 Bxf3 12. Bxf3 e5 13. Qb3+ Kh8 14. Bxc6 bxc6
15. dxe5 Qc8 16. e6 Re8 17. Nc3 Rb8 18. Bd2 Nd5 19. Qa4 Qxe6 20. Qxa7 Rxb2 21.
Nxd5 cxd5 22. Qxc7 d4 23. a4 Rc8 24. Qa7 f5 25. Rab1 Qxe2 26. Rxb2 Qxd1+ 27.
Kg2 Rg8 28. Bf4 Qd3 29. Rb7 Qe4+ 30. Kg1 Qe1+ 31. Kg2 Qe4+ 32. Kh2 Qe2 33. Kg2
Qe4+ 34. Kh2 Qe2 1/2-1/2

[Event "4NCL Division Two"]
[Site "Warwick, ENG"]
[Date "2023.02.12"]
[Round "6.31"]
[White "Chan, Kim Yew"]
[Black "Merry, Alan B"]
[Result "1-0"]
[WhiteElo "2282"]
[BlackElo "2438"]
[PlyCount "151"]
[EventDate "2023.02.12"]
[WhiteTeam "SchachAttack"]
[BlackTeam "Barbican 4NCL"]

1. Nf3 d5 2. d4 Nf6 3. c4 e6 4. g3 Bb4+ 5. Nbd2 O-O 6. Bg2 b6 7. O-O Bb7 8. a3
Be7 9. cxd5 exd5 10. b4 a5 11. b5 c6 12. Qa4 cxb5 13. Qxb5 Ba6 14. Qb2 Nc6 15.
Ne5 Rc8 16. Bh3 Bxe2 17. Bxc8 Nxe5 18. dxe5 Bxf1 19. Bf5 Ba6 20. exf6 Bxf6 21.
Qb1 Bxa1 22. Qxa1 Re8 23. Nf3 d4 24. Bb2 d3 25. Bxg7 d2 26. Bc2 Qe7 27. Bc3 Bb7
28. Ne5 Qc5 29. Bb3 Bd5 30. Bxd5 Qxd5 31. Qd1 f6 32. Nf3 Qxf3 33. Qxf3 Re1+ 34.
Kg2 d1=Q 35. Bxe1 Qxe1 36. Qxf6 Qe4+ 37. Qf3 Qd4 38. h4 a4 39. Qb7 Kh8 40. h5
Kg8 41. h6 Qf6 42. Qc8+ Kf7 43. Qd7+ Kg6 44. Qxa4 Qd6 45. Qg4+ Kxh6 46. a4 Qc6+
47. Kh2 Qc2 48. Kg2 Qc6+ 49. f3 Qc2+ 50. Kh3 Qd1 51. Qf4+ Kg6 52. Qe4+ Kg7 53.
Kg4 Qd7+ 54. Kh4 Qd8+ 55. Kh5 Qc7 56. Qd4+ Kg8 57. Qd5+ Kg7 58. f4 Qc2 59. Qg5+
Kh8 60. Qf6+ Kg8 61. Qe6+ Kg7 62. Kg5 Qxa4 63. Qe7+ Kg8 64. Qd8+ Kg7 65. Qc7+
Kg8 66. Kh6 Qd4 67. Qxh7+ Kf8 68. Qf5+ Ke7 69. Kh7 Qf2 70. Qe5+ Kf7 71. Qg7+
Ke6 72. Qg6+ Kd5 73. f5 b5 74. f6 b4 75. f7 b3 76. Kg8 1-0

[Event "4NCL Division Two"]
[Site "Warwick, ENG"]
[Date "2023.02.12"]
[Round "6.32"]
[White "Taylor, Martin R"]
[Black "Hng, Mei-En Emmanuelle"]
[Result "1-0"]
[WhiteElo "2356"]
[BlackElo "2117"]
[PlyCount "93"]
[EventDate "2023.02.12"]
[WhiteTeam "Barbican 4NCL"]
[BlackTeam "SchachAttack"]

1. d4 Nf6 2. c4 e6 3. Nc3 c5 4. d5 exd5 5. cxd5 d6 6. e4 g6 7. Nge2 Bg7 8. Ng3
O-O 9. Be2 h5 10. Bg5 Qb6 11. Qc1 Nbd7 12. O-O Re8 13. Rb1 Ne5 14. f3 a6 15.
Nh1 c4+ 16. Nf2 Qc7 17. a4 Bd7 18. f4 Neg4 19. Bxg4 Nxg4 20. Nxg4 hxg4 21. f5
gxf5 22. Bh6 Qc5+ 23. Kh1 Qd4 24. Qf4 Qe5 25. Bxg7 Qxf4 26. Rxf4 Kxg7 27. exf5
b5 28. Rbf1 Rac8 29. axb5 axb5 30. Ne4 Rxe4 31. Rxe4 Kf6 32. Rxg4 Rc5 33. Rd4
Ke5 34. Rd2 Bxf5 35. Re2+ Be4 36. Rxf7 Kxd5 37. Rd2+ Bd3 38. Kg1 Kd4 39. Kf2
Re5 40. Rf4+ Re4 41. Rxe4+ Kxe4 42. Ke1 b4 43. h4 d5 44. h5 Kf5 45. Rxd3 cxd3
46. Kd2 Kg5 47. g4 1-0

[Event "4NCL Division Two"]
[Site "Warwick, ENG"]
[Date "2023.02.12"]
[Round "6.33"]
[White "Wilks, Simon"]
[Black "Pigott, John C"]
[Result "1/2-1/2"]
[WhiteElo "2202"]
[BlackElo "2358"]
[PlyCount "30"]
[EventDate "2023.02.12"]
[WhiteTeam "SchachAttack"]
[BlackTeam "Barbican 4NCL"]

1. e4 c5 2. Nf3 d6 3. d4 cxd4 4. Qxd4 Nc6 5. Bb5 Bd7 6. Bxc6 bxc6 7. O-O e5 8.
Qd3 Qc7 9. c4 Ne7 10. Rd1 Ng6 11. Nc3 Be7 12. Bg5 f6 13. Be3 Bg4 14. c5 dxc5
15. Na4 Bxf3 1/2-1/2

[Event "4NCL Division Two"]
[Site "Warwick, ENG"]
[Date "2023.02.12"]
[Round "6.34"]
[White "Franklin, Samuel G A"]
[Black "Nicholas, Koichi B"]
[Result "1/2-1/2"]
[WhiteElo "2302"]
[BlackElo "2174"]
[PlyCount "115"]
[EventDate "2023.02.12"]
[WhiteTeam "Barbican 4NCL"]
[BlackTeam "SchachAttack"]

1. c4 c5 2. Nc3 Nc6 3. g3 g6 4. Bg2 Bg7 5. e4 e6 6. Nge2 Nge7 7. d3 O-O 8. O-O
d6 9. Rb1 b6 10. a3 Bb7 11. b4 Nd4 12. Nxd4 cxd4 13. Ne2 e5 14. Bd2 f5 15. f3
Kh8 16. a4 Qd7 17. Qb3 Rab8 18. b5 Ng8 19. a5 fxe4 20. dxe4 Qe6 21. Qd3 Rf7 22.
Rb4 Rc7 23. h4 Bc8 24. Ra4 Nf6 25. Nc1 Qf7 26. Nb3 Be6 27. Rc1 Rbc8 28. Bf1 Nd7
29. a6 Bf8 30. Kh2 Be7 31. Bh3 Bxh3 32. Kxh3 Qg8 33. Kg2 g5 34. h5 g4 35. f4
Bf8 36. f5 h6 37. Qe2 Kh7 38. Rc2 Nf6 39. Bc1 Nxh5 40. Bb2 Nf6 41. Rc1 h5 42.
Ba3 Qf7 43. Nd2 Ne8 44. Rh1 Bh6 45. Bc1 Nf6 46. Ra1 Bxd2 47. Qxd2 Qg7 48. Qg5
Rxc4 49. Rxh5+ Nxh5 50. Qxh5+ Kg8 51. Bh6 Rc2+ 52. Kg1 Qf7 53. Qxg4+ Kh7 54.
Qh4 d3 55. Rf1 Kg8 56. Qg4+ Kh7 57. Qh4 Kg8 58. Qg4+ 1/2-1/2

[Event "4NCL Division Two"]
[Site "Warwick, ENG"]
[Date "2023.02.12"]
[Round "6.35"]
[White "Voyiakis, Emmanuel"]
[Black "Cox, John J"]
[Result "1/2-1/2"]
[WhiteElo "2210"]
[BlackElo "2303"]
[PlyCount "65"]
[EventDate "2023.02.12"]
[WhiteTeam "SchachAttack"]
[BlackTeam "Barbican 4NCL"]

1. Nf3 Nf6 2. g3 g6 3. b4 Bg7 4. Bb2 O-O 5. Bg2 d6 6. O-O e5 7. d3 Re8 8. e4 h6
9. Nbd2 Nbd7 10. Nb3 c6 11. Re1 Qc7 12. c3 b6 13. Qc2 Bb7 14. d4 c5 15. bxc5
bxc5 16. dxe5 Nxe5 17. Nbd2 Nfd7 18. Nxe5 Nxe5 19. f4 Nd7 20. c4 Bxb2 21. Qxb2
Rab8 22. Qc2 Re7 23. Re2 Rbe8 24. Rae1 Nb8 25. Nf3 Nc6 26. e5 dxe5 27. fxe5 Bc8
28. Qd2 Bg4 29. Qxh6 Bxf3 30. Bxf3 Nd4 31. Rf2 Nxf3+ 32. Rxf3 Rxe5 33. Rfe3
1/2-1/2

[Event "4NCL Division Two"]
[Site "Warwick, ENG"]
[Date "2023.02.12"]
[Round "6.36"]
[White "Sowray, Peter J"]
[Black "Handley, Michael R"]
[Result "1/2-1/2"]
[WhiteElo "2248"]
[BlackElo "2061"]
[PlyCount "68"]
[EventDate "2023.02.12"]
[WhiteTeam "Barbican 4NCL"]
[BlackTeam "SchachAttack"]

1. d4 Nf6 2. c4 g6 3. Nc3 d5 4. cxd5 Nxd5 5. Bd2 Bg7 6. e4 Nxc3 7. Bxc3 O-O 8.
Qd2 b6 9. h4 Nd7 10. h5 Nf6 11. hxg6 Nxe4 12. gxf7+ Rxf7 13. Qc2 Bf5 14. Bc4 e6
15. g4 Bg6 16. Bxe6 Qf6 17. Bxf7+ Kxf7 18. f3 Re8 19. Qb3+ Kf8 20. Kf1 Ng3+ 21.
Kg2 Nxh1 22. Kxh1 Bf7 23. Qc2 Bd5 24. Kg2 Kg8 25. Qf2 Rf8 26. a3 Bh6 27. Re1
Bf4 28. Bb4 Rf7 29. Nh3 a5 30. Re8+ Kg7 31. Bc3 Bd6 32. Ng1 Qf4 33. Kf1 Rf6 34.
Bd2 Qh2 1/2-1/2

[Event "4NCL Division Two"]
[Site "Warwick, ENG"]
[Date "2023.02.12"]
[Round "6.37"]
[White "Burrows, Nick"]
[Black "Navarro Cia, Miguel"]
[Result "0-1"]
[WhiteElo "2021"]
[BlackElo "2242"]
[PlyCount "98"]
[EventDate "2023.02.12"]
[WhiteTeam "SchachAttack"]
[BlackTeam "Barbican 4NCL"]

1. b3 Nf6 2. Bb2 g6 3. Bxf6 exf6 4. c4 f5 5. Nc3 h5 6. e3 Bh6 7. g3 h4 8. Nf3
hxg3 9. hxg3 d6 10. Bg2 Nd7 11. Rc1 Nf6 12. d4 c6 13. b4 Qe7 14. c5 d5 15. Ne5
Ng4 16. Nxg4 fxg4 17. b5 Kf8 18. Rc2 Kg7 19. Re2 f5 20. a4 Qc7 21. Qa1 Qa5 22.
O-O Bg5 23. Rb1 Bf6 24. Qa3 g5 25. Reb2 f4 26. bxc6 bxc6 27. Nxd5 f3 28. Nxf6
fxg2 29. Qd3 Kxf6 30. Qe4 Qc7 31. Qxg2 Bf5 32. Rb7 Rab8 33. Rxb8 Rxb8 34. Rxb8
Qxb8 35. Qxc6+ Kg7 36. Qb5 Qxb5 37. axb5 Be4 38. c6 Kf6 39. c7 Bb7 40. Kf1 Ke6
41. Ke2 Kd6 42. Kd3 Kxc7 43. Kc4 Kb6 44. d5 Bc8 45. e4 Bd7 46. d6 Bxb5+ 47. Kd5
a5 48. e5 a4 49. e6 a3 0-1

[Event "4NCL Division Two"]
[Site "Warwick, ENG"]
[Date "2023.02.12"]
[Round "6.38"]
[White "Bhatia, Kanwal K"]
[Black "Alizada, Eldar"]
[Result "0-1"]
[WhiteElo "1962"]
[BlackElo "2086"]
[PlyCount "76"]
[EventDate "2023.02.12"]
[WhiteTeam "Barbican 4NCL"]
[BlackTeam "SchachAttack"]

1. e4 e6 2. d4 d5 3. Nd2 dxe4 4. Nxe4 Nd7 5. Nf3 Ngf6 6. Ng3 Be7 7. Bd3 b6 8.
O-O Bb7 9. Re1 O-O 10. c3 c5 11. Qe2 cxd4 12. cxd4 Rc8 13. Bd2 Qc7 14. Rad1
Rfd8 15. Ne5 Nf8 16. Bc3 Nd5 17. Rc1 Nf4 18. Qg4 Nxd3 19. Nxd3 Qc4 20. Ne5 Qd5
21. Nh5 Ng6 22. Rcd1 b5 23. a3 Bd6 24. Nd3 Rc4 25. f3 Rdc8 26. Ne5 R4c7 27. Nd3
Rc4 28. Ne5 R4c7 29. Nd3 Re7 30. Nb4 Qc4 31. Qg5 a5 32. Nd3 b4 33. axb4 axb4
34. f4 bxc3 35. bxc3 Qxc3 36. Ne5 f6 37. Nxf6+ gxf6 38. Qxf6 Rf8 0-1

[Event "4NCL Division Two"]
[Site "Warwick, ENG"]
[Date "2023.02.12"]
[Round "6.41"]
[White "Jackson, James P"]
[Black "Olson, Hamish"]
[Result "1/2-1/2"]
[WhiteElo "2400"]
[BlackElo "2303"]
[PlyCount "93"]
[EventDate "2023.02.12"]
[WhiteTeam "The Rookies"]
[BlackTeam "Alba"]

1. e4 e5 2. Nf3 Nc6 3. Bb5 Nf6 4. d3 Bc5 5. c3 O-O 6. O-O d5 7. exd5 Qxd5 8.
Bc4 Qd8 9. b4 Be7 10. Nbd2 Bf5 11. Qc2 Qd6 12. Ng5 Rad8 13. Nde4 Nxe4 14. Nxe4
Qg6 15. Be3 Bxe4 16. dxe4 Bg5 17. Rfe1 Ne7 18. Rad1 Bxe3 19. Rxe3 Nc8 20. a4
Rxd1+ 21. Qxd1 Nd6 22. Bb3 Rd8 23. f3 Qf6 24. Rd3 b6 25. Bd5 g6 26. c4 Kg7 27.
c5 bxc5 28. bxc5 Ne8 29. Bb3 Rxd3 30. Qxd3 Qe7 31. Qc3 c6 32. a5 Nf6 33. Ba4
Nd7 34. Bxc6 Qxc5+ 35. Qxc5 Nxc5 36. Bd5 f5 37. exf5 gxf5 38. g4 Kf6 39. h4 h6
40. Kf2 e4 41. gxf5 exf3 42. Bxf3 Kxf5 43. Ke3 Nb3 44. a6 Nc5 45. Be2 Nxa6 46.
Bxa6 Kg4 47. Kd4 1/2-1/2

[Event "4NCL Division Two"]
[Site "Warwick, ENG"]
[Date "2023.02.12"]
[Round "6.42"]
[White "McKay, Roderick M"]
[Black "Byron, Alan M"]
[Result "1-0"]
[WhiteElo "2197"]
[BlackElo "2175"]
[PlyCount "47"]
[EventDate "2023.02.12"]
[WhiteTeam "Alba"]
[BlackTeam "The Rookies"]

1. e4 c6 2. d3 e5 3. Nf3 d6 4. h3 h6 5. Nc3 Be7 6. Be3 Nd7 7. Qd2 a6 8. a4 b6
9. g4 Bb7 10. d4 Ngf6 11. Rg1 b5 12. g5 exd4 13. gxf6 dxe3 14. Qxe3 Bxf6 15.
O-O-O b4 16. e5 Nxe5 17. Ne4 Nxf3 18. Nxd6+ Kf8 19. Qxf3 Qe7 20. Bc4 Rd8 21.
Nxf7 Rxd1+ 22. Rxd1 c5 23. Qf4 Qxf7 24. Rd8+ 1-0

[Event "4NCL Division Two"]
[Site "Warwick, ENG"]
[Date "2023.02.12"]
[Round "6.43"]
[White "Okhai, Shabir"]
[Black "Berry, Neil"]
[Result "0-1"]
[WhiteElo "2149"]
[BlackElo "2244"]
[PlyCount "64"]
[EventDate "2023.02.12"]
[WhiteTeam "The Rookies"]
[BlackTeam "Alba"]

1. e4 e5 2. Nf3 Nc6 3. Bc4 Bc5 4. c3 Nf6 5. d3 d6 6. O-O a5 7. Re1 O-O 8. Nbd2
Ba7 9. Nf1 Be6 10. Bb5 Ne7 11. h3 c6 12. Ba4 Ng6 13. d4 Nh5 14. Ng5 Nhf4 15.
Nxe6 fxe6 16. Be3 Nh4 17. Bxf4 Rxf4 18. Qd2 Qf6 19. Rad1 Rf8 20. Re2 exd4 21.
cxd4 e5 22. Bb3+ Kh8 23. Kh1 Bxd4 24. f3 Nxf3 25. gxf3 Rxf3 26. Nh2 Rxh3 27.
Rg2 Qf1+ 28. Rg1 Rf2 29. Qxf2 Qxf2 30. Rg2 Qf3 31. Rf1 Qxf1+ 32. Rg1 Qxg1# 0-1

[Event "4NCL Division Two"]
[Site "Warwick, ENG"]
[Date "2023.02.12"]
[Round "6.44"]
[White "Shafi, Declan"]
[Black "Burrows, Martin P"]
[Result "0-1"]
[WhiteElo "2221"]
[BlackElo "2183"]
[PlyCount "62"]
[EventDate "2023.02.12"]
[WhiteTeam "Alba"]
[BlackTeam "The Rookies"]

1. d4 Nf6 2. c4 e6 3. g3 d5 4. Bg2 Be7 5. Nf3 O-O 6. O-O dxc4 7. Qc2 a6 8. a4
Bd7 9. Rd1 Bc6 10. Nc3 Bxf3 11. Bxf3 Nc6 12. Bxc6 bxc6 13. Bg5 a5 14. e3 Rb8
15. Qe2 Qd7 16. Qxc4 Rxb2 17. Bxf6 Bxf6 18. Qa6 Be7 19. Rac1 Bb4 20. Ne4 c5 21.
Nxc5 Bxc5 22. Rxc5 Qxa4 23. Rf1 Ra2 24. Rxc7 g6 25. Rb1 Qa3 26. Kg2 Qxe3 27.
Rf1 Qxd4 28. Ra7 Rb8 29. Kg1 Rb1 30. Ra8+ Kg7 31. Rc8 Qxf2+ 0-1

[Event "4NCL Division Two"]
[Site "Warwick, ENG"]
[Date "2023.02.12"]
[Round "6.45"]
[White "Jones, Christopher M"]
[Black "Waldhausen Gordon, Frederick"]
[Result "0-1"]
[WhiteElo "2130"]
[BlackElo "2069"]
[PlyCount "58"]
[EventDate "2023.02.12"]
[WhiteTeam "The Rookies"]
[BlackTeam "Alba"]

1. e4 c5 2. Nc3 g6 3. f4 Bg7 4. Nf3 Nc6 5. Bc4 e6 6. d3 Nge7 7. O-O d5 8. Bb3
O-O 9. Qe1 Nd4 10. Qh4 Nec6 11. Qxd8 Rxd8 12. exd5 exd5 13. Nxd4 Nxd4 14. Na4
c4 15. dxc4 dxc4 16. c3 Ne2+ 17. Kf2 Nxc1 18. Bxc4 Nd3+ 19. Ke3 Bd7 20. Bxd3
Bxa4 21. Be4 f5 22. Bf3 Bf8 23. b4 Rac8 24. Rac1 Bb5 25. Rfd1 Rxd1 26. Bxd1
Bxb4 27. c4 Bc5+ 28. Kf3 Bc6+ 29. Kg3 Rd8 0-1

[Event "4NCL Division Two"]
[Site "Warwick, ENG"]
[Date "2023.02.12"]
[Round "6.46"]
[White "White, Stuart A"]
[Black "Agnew, Alan"]
[Result "1/2-1/2"]
[WhiteElo "2021"]
[BlackElo "2171"]
[PlyCount "81"]
[EventDate "2023.02.12"]
[WhiteTeam "Alba"]
[BlackTeam "The Rookies"]

1. d4 d5 2. c4 e6 3. Nc3 Nf6 4. cxd5 exd5 5. Bg5 Be7 6. e3 c6 7. Bd3 Nbd7 8.
Nge2 O-O 9. Qc2 Re8 10. O-O Nf8 11. f3 Be6 12. Rad1 Rc8 13. Bh4 Ng6 14. Bf2 b5
15. Kh1 a6 16. Qd2 c5 17. dxc5 Bxc5 18. Bxg6 hxg6 19. Nf4 Qb6 20. Rfe1 Rcd8 21.
Nce2 g5 22. Nd3 Ne4 23. fxe4 dxe4 24. Nd4 exd3 25. Qxd3 Bb4 26. Rg1 Qb7 27. a3
Bf8 28. Qe2 Bd5 29. Qg4 f6 30. Rc1 Re4 31. Qf5 Re5 32. Qg4 Re4 33. Qf5 Re5 34.
Qg4 Ree8 35. Qh5 Rc8 36. Rxc8 Rxc8 37. Qg4 Rc4 38. Qf5 Bf7 39. e4 Qc8 40. Qxc8
Rxc8 41. Re1 1/2-1/2

[Event "4NCL Division Two"]
[Site "Warwick, ENG"]
[Date "2023.02.12"]
[Round "6.47"]
[White "Compton, Alistair"]
[Black "Vijayakumar, Rishi"]
[Result "1/2-1/2"]
[WhiteElo "2107"]
[BlackElo "1745"]
[PlyCount "70"]
[EventDate "2023.02.12"]
[WhiteTeam "The Rookies"]
[BlackTeam "Alba"]

1. e4 c6 2. Nf3 d5 3. exd5 cxd5 4. Ne5 Nc6 5. d4 Nf6 6. Bb5 Bd7 7. Nxd7 Qxd7 8.
c3 e6 9. O-O Bd6 10. Nd2 O-O 11. Re1 a6 12. Bd3 b5 13. Nf3 Qc7 14. Qe2 Rfe8 15.
Ne5 g6 16. h4 Nd7 17. Bf4 f6 18. Nxd7 Qxd7 19. Qg4 Rad8 20. Bxd6 f5 21. Qg5
Qxd6 22. f4 Kf7 23. a4 b4 24. Re3 h6 25. Qxh6 Rh8 26. Qg5 Rh5 27. Qg3 Rdh8 28.
Rae1 Nd8 29. Re5 Rxh4 30. Kf2 R8h6 31. Qe3 Rh8 32. c4 Rh1 33. cxd5 Rxe1 34.
Kxe1 exd5 35. Qf3 Ne6 1/2-1/2

[Event "4NCL Division Two"]
[Site "Warwick, ENG"]
[Date "2023.02.12"]
[Round "6.48"]
[White "Werner, Rosalie"]
[Black "Pyun, Lindsay"]
[Result "1/2-1/2"]
[WhiteElo "1769"]
[BlackElo "1804"]
[PlyCount "61"]
[EventDate "2023.02.12"]
[WhiteTeam "Alba"]
[BlackTeam "The Rookies"]

1. e4 e5 2. Nf3 Nc6 3. Bc4 Bc5 4. c3 Nf6 5. d3 a5 6. a4 d6 7. O-O O-O 8. Re1
Bg4 9. h3 Bh5 10. Nbd2 Ba7 11. Nf1 h6 12. g4 Bg6 13. Ng3 Re8 14. Kg2 d5 15. Bb3
dxe4 16. dxe4 Qxd1 17. Bxd1 Rad8 18. Bc2 Nd7 19. Nh4 Bh7 20. Nhf5 Bxf5 21. Nxf5
Nc5 22. Be3 Rd7 23. Bxc5 Bxc5 24. Rad1 Red8 25. Rxd7 Rxd7 26. Rd1 Rxd1 27. Bxd1
Ne7 28. Nh4 Bd6 29. Kg3 g6 30. Bb3 Kg7 31. Bc2 1/2-1/2

[Event "4NCL Division Two"]
[Site "Warwick, ENG"]
[Date "2023.02.12"]
[Round "6.51"]
[White "Price, Gwilym"]
[Black "Kolani, Arjun"]
[Result "1-0"]
[WhiteElo "2154"]
[BlackElo "2177"]
[PlyCount "101"]
[EventDate "2023.02.12"]
[WhiteTeam "The Sharks 2"]
[BlackTeam "Sussex Martlets 1"]

1. e4 e5 2. Nc3 Nf6 3. Bc4 Nc6 4. d3 Bc5 5. f4 d6 6. Nf3 exf4 7. Bxf4 O-O 8.
Bg5 h6 9. Bh4 Bg4 10. h3 Bxf3 11. Qxf3 Nd4 12. Qd1 b5 13. Nxb5 Nxb5 14. Bxb5
Rb8 15. Bc4 d5 16. Bb3 Re8 17. Qe2 g5 18. Bf2 Bb4+ 19. c3 Nxe4 20. dxe4 Rxe4
21. Qxe4 dxe4 22. cxb4 Qd3 23. Rd1 Qb5 24. Bc5 e3 25. Rd4 e2 26. Bc4 Qc6 27.
Bxe2 Qxg2 28. Rf1 Re8 29. Rd2 f5 30. Rxf5 Qxh3 31. Rf1 Qg2 32. Kd1 Qe4 33. Bd3
Qg4+ 34. Kc2 Kg7 35. Rdf2 Rd8 36. Rf7+ Kg8 37. Rf8+ Rxf8 38. Rxf8+ Kg7 39. Rf2
Qg3 40. Bd4+ Kg8 41. Bc4+ Kh7 42. Bd3+ Kg8 43. Bc4+ Kh7 44. Rf7+ Kg6 45. Rf6+
Kh5 46. Be2+ g4 47. Rf5+ Kg6 48. Bd3 Qh4 49. Kb3 h5 50. Rf8+ Kh6 51. Bf6 1-0

[Event "4NCL Division Two"]
[Site "Warwick, ENG"]
[Date "2023.02.12"]
[Round "6.52"]
[White "Willson, Ollie"]
[Black "Onslow, Alfie"]
[Result "1-0"]
[WhiteElo "2121"]
[BlackElo "2227"]
[PlyCount "151"]
[EventDate "2023.02.12"]
[WhiteTeam "Sussex Martlets 1"]
[BlackTeam "The Sharks 2"]

1. d4 Nf6 2. Nf3 d5 3. c4 e6 4. g3 Bb4+ 5. Bd2 Bd6 6. Bg2 c6 7. O-O Nbd7 8. Qc2
O-O 9. Bc3 Ne4 10. Nbd2 f5 11. Ne5 Qc7 12. Ndf3 b6 13. b3 Bb7 14. Bb2 Ndf6 15.
Rac1 Rac8 16. Nd3 g5 17. c5 Be7 18. Nfe5 Nh5 19. f3 Nef6 20. Qd2 Nd7 21. Nxd7
Qxd7 22. g4 Ng7 23. Ne5 Qe8 24. e4 bxc5 25. dxc5 dxe4 26. fxe4 f4 27. Qa5 Bd8
28. Qa4 a5 29. Rfd1 Bc7 30. Qd4 Rd8 31. Qc3 Qe7 32. Bf3 Qf6 33. Nc4 Qg6 34.
Nxa5 Bxa5 35. Qxa5 Ra8 36. Qc3 Rf7 37. a4 h5 38. gxh5 Qh6 39. Rc2 Nxh5 40. Rd6
Re8 41. Rg2 Nf6 42. Qe5 g4 43. Bxg4 Nxg4 44. Rxg4+ Kf8 45. Bc1 Ba6 46. Rxf4
Qg6+ 47. Kf2 Kg8 48. Rxf7 Qxf7+ 49. Bf4 Rf8 50. Ke3 Rb8 51. b4 Qg6 52. Qxe6+
Qxe6 53. Rxe6 Rxb4 54. Rxc6 Bb7 55. Re6 Kf7 56. Re5 Rxa4 57. Bg5 Kg6 58. h4 Ra1
59. c6 Bc8 60. Kd4 Bg4 61. Rc5 Ra4+ 62. Rc4 Ra8 63. Ke5 Kf7 64. Kd6 Re8 65. c7
Re6+ 66. Kd5 Re8 67. Bd8 Be6+ 68. Kd4 Bc8 69. Rc6 Rh8 70. Kc5 Ke8 71. e5 Rh5
72. Bg5 Rh7 73. Kb6 Rd7 74. Ka7 Rd5 75. Kb8 Kd7 76. Rd6+ 1-0

[Event "4NCL Division Two"]
[Site "Warwick, ENG"]
[Date "2023.02.12"]
[Round "6.53"]
[White "Modi, Shyam Jagdish"]
[Black "Miller, Dominic"]
[Result "1/2-1/2"]
[WhiteElo "2216"]
[BlackElo "2124"]
[PlyCount "82"]
[EventDate "2023.02.12"]
[WhiteTeam "The Sharks 2"]
[BlackTeam "Sussex Martlets 1"]

1. d4 Nf6 2. Nf3 d5 3. c4 e6 4. g3 dxc4 5. Bg2 Bb4+ 6. Bd2 a5 7. Qc2 Bxd2+ 8.
Qxd2 c6 9. a4 Ne4 10. Qf4 Qb6 11. O-O Qxb2 12. Ne5 O-O 13. Na3 Nc3 14. Qe3
Nxe2+ 15. Kh1 Nxd4 16. Rfb1 Nf5 17. Rxb2 Nxe3 18. fxe3 c3 19. Rb3 Na6 20. Rxc3
f6 21. Nec4 Nb4 22. Rb1 Rd8 23. Nb6 Ra6 24. Nxc8 Rxc8 25. Nc2 Rd8 26. Bh3 f5
27. Nxb4 axb4 28. Rxb4 b5 29. Bf1 Rd1 30. Kg2 Rd2+ 31. Kg1 Kf7 32. Rc1 Kf6 33.
axb5 cxb5 34. Rxb5 Raa2 35. h3 h6 36. Rbc5 Rdb2 37. Rd1 Rf2 38. Rdc1 Rad2 39.
Re1 Rf3 40. Rc4 Rxg3+ 41. Kh1 g5 1/2-1/2

[Event "4NCL Division Two"]
[Site "Warwick, ENG"]
[Date "2023.02.12"]
[Round "6.54"]
[White "Blake, J Morgan"]
[Black "Birtwistle, Nigel"]
[Result "1-0"]
[WhiteElo "2108"]
[BlackElo "2157"]
[PlyCount "79"]
[EventDate "2023.02.12"]
[WhiteTeam "Sussex Martlets 1"]
[BlackTeam "The Sharks 2"]

1. e4 c5 2. Nf3 g6 3. c3 Bg7 4. d4 cxd4 5. cxd4 d5 6. e5 Bg4 7. Bb5+ Nd7 8.
Nbd2 Bxf3 9. Qxf3 e6 10. O-O Ne7 11. Nb3 O-O 12. Bg5 a6 13. Bd3 Nb8 14. Qf4
Nbc6 15. h4 Qc7 16. Bf6 Nf5 17. Bxg7 Nxg7 18. Qg5 a5 19. Rac1 a4 20. Nd2 Qb6
21. Rxc6 Qxc6 22. Nf3 Qd7 23. h5 Nxh5 24. g4 f6 25. Qe3 Nf4 26. Qxf4 fxe5 27.
Qe3 e4 28. Ne5 Qe7 29. Be2 a3 30. b3 Rac8 31. g5 Rf5 32. f4 Qb4 33. Bg4 Rc3 34.
Qf2 e3 35. Qe2 Rf8 36. Bxe6+ Kg7 37. Qh2 h5 38. gxh6+ Kh7 39. f5 Qxd4 40. fxg6+
1-0

[Event "4NCL Division Two"]
[Site "Warwick, ENG"]
[Date "2023.02.12"]
[Round "6.55"]
[White "Milson, Samuel A"]
[Black "Bucher, Grant W"]
[Result "1/2-1/2"]
[WhiteElo "2206"]
[BlackElo "2129"]
[PlyCount "72"]
[EventDate "2023.02.12"]
[WhiteTeam "The Sharks 2"]
[BlackTeam "Sussex Martlets 1"]

1. e4 b6 2. d4 Bb7 3. Nc3 e6 4. Bd3 Bb4 5. Nge2 c5 6. O-O cxd4 7. Nxd4 Nc6 8.
Nxc6 Bxc6 9. Qg4 Nf6 10. Qg3 d6 11. Ne2 Bc5 12. c3 a5 13. Nd4 Bxd4 14. cxd4
Bxe4 15. Bxe4 Nxe4 16. Qxg7 Qf6 17. Qg4 d5 18. Bf4 h5 19. Qf3 Rc8 20. Qe3 Qf5
21. Rac1 O-O 22. Bc7 b5 23. Bxa5 Rc4 24. b3 Rxc1 25. Qxc1 Ra8 26. b4 Kh7 27.
Qc2 Ng3 28. Rc1 Qxc2 29. Rxc2 Nf5 30. Bb6 Nd6 31. h3 Nc4 32. Bc5 Ra3 33. Kh2
Kg6 34. f3 Ne3 35. Re2 Nc4 36. Rf2 Ne3 1/2-1/2

[Event "4NCL Division Two"]
[Site "Warwick, ENG"]
[Date "2023.02.12"]
[Round "6.56"]
[White "Grant, David J"]
[Black "Modi, Kishan Jagdish"]
[Result "1/2-1/2"]
[WhiteElo "2207"]
[BlackElo "2107"]
[PlyCount "36"]
[EventDate "2023.02.12"]
[WhiteTeam "Sussex Martlets 1"]
[BlackTeam "The Sharks 2"]

1. e4 d6 2. d4 Nf6 3. Nc3 e5 4. dxe5 dxe5 5. Qxd8+ Kxd8 6. Bc4 Be6 7. Bxe6 fxe6
8. Nf3 Bd6 9. Be3 Nc6 10. a3 Ke7 11. O-O Rhb8 12. Rfd1 b5 13. Ne1 a5 14. f3 b4
15. axb4 axb4 16. Rxa8 Rxa8 17. Nb5 Ra5 18. c4 bxc3 1/2-1/2